|
|
|
|
| LEADER |
01318nam a2200361Ia 4500 |
| 001 |
EBC3330899 |
| 003 |
MiAaPQ |
| 005 |
20200520144314.0 |
| 006 |
m o d | |
| 007 |
cr cn||||||||| |
| 008 |
940628s1994 quca sb 001 0 eng d |
| 010 |
|
|
|z 95192132
|
| 015 |
|
|
|a C94-900567-3
|
| 020 |
|
|
|z 077351225X (bound) :
|
| 020 |
|
|
|z 077351242X (pbk.) :
|
| 035 |
|
|
|a (MiAaPQ)EBC3330899
|
| 035 |
|
|
|a (Au-PeEL)EBL3330899
|
| 035 |
|
|
|a (CaPaEBR)ebr10141569
|
| 035 |
|
|
|a (CaONFJC)MIL285711
|
| 035 |
|
|
|a (OCoLC)929121176
|
| 040 |
|
|
|a MiAaPQ
|c MiAaPQ
|d MiAaPQ
|
| 050 |
|
4 |
|a HD6053
|b .W647 1994
|
| 245 |
0 |
0 |
|a Women, work, and place
|h [electronic resource] /
|c edited by Audrey Kobayashi.
|
| 260 |
|
|
|a Montreal ;
|a Buffalo :
|b McGill-Queens University Press,
|c c1994.
|
| 300 |
|
|
|a xlv, 212 p. :
|b ill.
|
| 504 |
|
|
|a Includes bibliographical references and index.
|
| 533 |
|
|
|a Electronic reproduction. Ann Arbor, MI : ProQuest, 2015. Available via World Wide Web. Access may be limited to ProQuest affiliated libraries.
|
| 650 |
|
0 |
|a Women
|x Employment.
|
| 650 |
|
0 |
|a Women
|x Employment
|x History.
|
| 655 |
|
4 |
|a Electronic books.
|
| 700 |
1 |
|
|a Kobayashi, Audrey Lynn,
|d 1951-
|
| 710 |
2 |
|
|a ProQuest (Firm)
|
| 856 |
4 |
0 |
|u https://ebookcentral.proquest.com/lib/matrademy/detail.action?docID=3330899
|z Click to View
|